000 00931nam a2200241 i 4500
001 19547
003 ES-MaACL
005 20240129115648.0
007 t|
008 150205s2014 sp ||||1| spa d
020 _a978-84-89649-98-9
080 _a656.2(460)(084)
111 2 _aConcurso Fotográfico "Caminos de Hierro" (
_n27º.
_d2014.
_cMadrid)
_9156295
245 1 0 _aCaminos de Hierro, 27º Concurso Fotográfico, 2014.
260 _aMadrid :
_bFundación de los Ferrocarriles Españoles, Área de Cultura y Comunicación Externa,
_c[2014]
300 _a83 p. :
_bprincipalmente il. col. y n. ;
_c23 x 24 cm.
650 4 _aFerrocarriles-
_zEspaña.
_912761
710 2 _aFundación de los Ferrocarriles Españoles.
_94275
852 4 _aES-MaACL
_jA-13365
_920155
_bR.150207
_cDEPO1
_dOlim: N-6365
942 _2udc
_cMONOGRAFIA
999 _c19547
_d19547